000 00580nam a2200205Ia 4500
005 20250508164605.0
008 008 250505s9999 xx 000 0 eng d
037 _aReference
040 _aFEDL
_beng
_cFEDL
041 _aeng
_2eng
084 _a372.83, MIC/RR
_qFEDL
100 _aMichaelis John U
245 0 _aSocial studies for children : A guide to basic instruction
250 _a9
260 _aEnglewood Chiffs, USA
_bPrentice Hall
_c1988
300 _axvi,426p.
546 _aMACESE
942 _cREF
_h372.83, MIC/RR
999 _c1389999
_d1389999